| 000 | 01931nam a22003257a 4500 | ||
|---|---|---|---|
| 999 |
_c21863 _d21863 |
||
| 003 | AR-CdUCM | ||
| 008 | 190425b ||||| |||| 00| 0 spa d | ||
| 040 |
_aMUNICIPALIDAD PROVINCIAL DEL CUSCO _cBIBLIOTECA MUNICIPAL DEL CUSCO |
||
| 082 | _aRev.DIMA/N°10-11/1942 | ||
| 110 |
_aInstituto Arqueológico del Cuzco _930920 |
||
| 245 |
_aRevista del Instituto Arqueológico / _cLuis A. Pardo, director, Universidad Nacional del Cusco |
||
| 260 |
_aCusco : _bH.G. Rozas, _c1943. |
||
| 300 |
_a111 páginas. : _bilustraciones ; _c21 cm. |
||
| 440 |
_aRevista del Instituto Arqueológico. _nAño VI, primer y segundo semestre, 1942. N°10 y 11. _946547 |
||
| 505 | _aContenido: Arqueología. -- La sección arqueológica de la Universidad del Cuzco. John H. Rowe. -- Los petroglifos de La Convención. Luis A. Pardo. -- Contribución a la Petropictografía pre colombina en el Sur del Perú. C. Bües. -- Vestigios de la época incaica en Ancahuasi Chamancalla, provincia de Anta. B. G. -- Sección lítica del Museo Arqueológico de la Universidad del Cuzco. Luis A. Pardo. -- Las ruinas de Marcansaya. Sofía Arrendo. -- Sitios históricos en la región de Pucara Puno. John H. Rowe. -- Historia. -- Rado Angulo y Velasco. Juan Antonio Casanova. -- Personalidad del V.P. Fray Gaspar de Carvajal, conferencia. Ambrosio Morales. -- Tradición. -- Mártir por culpa ajena. Ángel Carreño. | ||
| 650 |
_aArqueología cusqueña _99322 |
||
| 650 |
_aArquitectura Inka _945226 |
||
| 650 |
_aInkas _91899 |
||
| 650 |
_aHistoria del Cusco _91714 |
||
| 650 |
_aTradiciones cusqueñas _931110 |
||
| 700 |
_aPardo, Luis A _925736 |
||
| 700 |
_aRowe, John _946023 |
||
| 700 |
_aArredondo, Sofia _946548 |
||
| 700 |
_aCasanova, Juan Antonio _946549 |
||
| 700 |
_aMorales, Ambrosio _920370 |
||
| 700 |
_aCarreño, Ángel _927901 |
||
| 710 |
_aUniversidad Nacional de San Antonio Abad del Cusco _915942 |
||
| 942 |
_2ddc _cPP |
||
| 945 | _arac | ||